000 00659nam a22001937a 4500
999 _c175149
_d175149
005 20200811122842.0
010 _aENG-128336
020 _c699.00
_a9789353949495
035 _aEN-111868
037 _bDBAD/PUB
082 _a610.73
100 _aParwez,Saroj
245 _aComplete Companion for B.Sc Nursing GNM/
_cby Prashant Jain
_bEntrance Examination:
250 _a5th ed.
260 _aNew Delhi
_bPearson
_c2021
270 _a15th floor,Tower-B,Word Trade Tower,Plot no.1,Block-C sec 16,
_bNoida
_e201301
_k04466540100
_mcompanysecretary.india@pearson.com
300 _avarious pages.
_c25cm(pbk)
942 _2ddc
_cEN
_h610.73
_mPAR